| 000 | 00461nam a2200181Ia 4500 | ||
|---|---|---|---|
| 005 | 20250317131204.0 | ||
| 008 | 008 250317s9999 xx 000 0 eng d | ||
| 037 | _aTextbook | ||
| 040 |
_aFMSL _beng _cFMSL |
||
| 041 |
_aeng _2eng |
||
| 084 | _qFMSL | ||
| 100 | _aMonappa A | ||
| 245 | 0 | _aPersonal management | |
| 260 |
_aTata _bTata, McGraw-Hill _c1984 |
||
| 300 | _a335p | ||
| 942 | _cTB | ||
| 999 |
_c1267062 _d1267062 |
||